Yes or No? Quiz Stats

 Plays Quiz Updated Oct 18, 2018

     
Support Sporcle.
Go Orange.
Score 0/100 Timer 05:00
5 Plays Today
% Correct
No
99.1%
No
99.1%
No
99.1%
Yes
97.5%
Ne
96.2%
Si
90.3%
Si
90.3%
Ye
88.9%
Ne
75.2%
Ne
75.2%
Oui
74.9%
Ne
74%
Non
66.1%
Non
65%
Nee
63.8%
Ni
60.8%
Nein
57.8%
Na
53.7%
Na
52.9%
Ja
51.1%
Ja
51.1%
Ja
51.1%
Ja
51.1%
Ja
51.1%
Ya
50.8%
Nei
50.7%
Ja
50.3%
Da
48.6%
Da
48.6%
Da
48.6%
Neen
30.2%
Ha
29.4%
Nyet
29.1%
Nie
28.3%
% Correct
Nie
27.9%
Nu
26.8%
Ayo
26.6%
Ewe
21%
Shi
18.5%
Hai
16.5%
Nee
16.4%
Dee akh
15.9%
Is ea
14.9%
Lay
14.4%
Tak
13.8%
Ano
13.3%
Lo
13.1%
Jo
11.2%
Jo
11.2%
Nai
9.1%
Po
9%
Bu shi
8.7%
Baw
8.6%
Naam
8.1%
Não
8.1%
Ei
8%
Ei
8%
Le
7.9%
Ie
7%
Ah ra
6.6%
Sim
6.6%
Vang
6%
Nej
6%
Nej
6%
Iie
6%
Jah
5.6%
Tak
5.5%
Io
5.3%
% Correct
Ken
5.1%
Oo
4.8%
Nit
4.6%
Ano
4%
'Ae
4%
Oxi
3.4%
Ni hea
3.1%
Cha
3%
Chai
2.7%
Nem
2.6%
Kyllä
2.5%
Nahin
2.3%
Voch
2.3%
Hindi
2.1%
Anio
2.1%
Haan
2%
Evet
2%
Igen
1.9%
Mai
1.6%
Hayir
1.3%
Khong
1.1%
Ndiyo
1%
Tidak
0.9%
'A'ole
0.8%
Hapana
0.8%
Taip
0.8%
Iva
0.6%
Yebo
0.7%
Jok
0.6%
Sega
0.6%
Doy
0.6%
Ova
0.5%

From the Vault

Movie Title Endings: Disney

by lolshortee

Movies 4m
But not the actual movie endings, because those would be spoilers.
Remove Ads.
Support Sporcle.
Get the best of Sporcle when you Go Orange. This ad-free experience offers more features, more stats, and more fun while also helping to support Sporcle. Thank you for becoming a member.

Show Comments

Extras

Top Quizzes Today


Score Distribution

Your Account Isn't Verified!

In order to create a playlist on Sporcle, you need to verify the email address you used during registration. Go to your Sporcle Settings to finish the process.

Report this User

Report this user for behavior that violates our Community Guidelines.

Details: